Super Mario: All games of the Super Mario series - Statistics

General Stats
  • This quiz has been taken 337 times
    293 since last reset
  • The average score is 15 of 21
Answer Stats
Hint Answer % Correct
1985 Super Mario Bros.
97%
1986 Super Mario Bros.: The Lost Levels
96%
1988 Super Mario Bros. 2
94%
1988 Super Mario Bros. 3
90%
1996 Super Mario 64
82%
1990 Super Mario World
82%
2007 Super Mario Galaxy
81%
2002 Super Mario Sunshine
81%
2006 New Super Mario Bros.
80%
2010 Super Mario Galaxy 2
78%
2017 Super Mario Odyssey
76%
2009 New Super Mario Bros. Wii
72%
2011 Super Mario 3D Land
72%
2013 Super Mario 3D World
72%
1989 Super Mario Land
72%
2012 New Super Mario Bros. 2
67%
2012 New Super Mario Bros. U
67%
1992 Super Mario Land 2: 6 Golden Coins
62%
1995 Super Mario World 2: Yoshi's Island
53%
2016 Super Mario Run
15%
1986 Super Mario Bros. Special
7%
No matching quizzes found
Score Distribution
Percent of People with Each Score
Percentile by Number Answered
Your Score History
You have not taken this quiz since the last reset